[Event "Chigorin Memorial"]
[Site "St Petersburg"]
[Date "2015.10.05"]
[Round "3.62"]
[White "Andersen, Mads"]
[Black "Fraiman, Dmitry"]
[Result "1-0"]
[WhiteElo "2457"]
[BlackElo "2122"]
[PlyCount "91"]
[EventDate "2015.10.03"]
[EventRounds "9"]
[EventCountry "RUS"]

1. d4 Nf6 2. c4 g6 3. Nc3 Bg7 4. e4 d6 5. Nf3 O-O 6. Be2 e5 7. O-O exd4 8. Nxd4
Re8 9. f3 Nc6 10. Be3 Nh5 11. Nc2 f5 12. Qd2 Be6 13. Rad1 Nf6 14. Bg5 Qe7 15.
Ne3 Qf7 16. Ned5 Nd4 17. Bd3 c6 18. Be3 Nxd5 19. cxd5 Bd7 20. dxc6 bxc6 21. b3
Be6 22. Rfe1 Kh8 23. Bf1 c5 24. Nb5 Nxb5 25. Bxb5 Red8 26. Bg5 Bf6 27. Bc6 Rac8
28. Bd5 Bd4+ 29. Be3 Bxe3+ 30. Qxe3 Bxd5 31. Rxd5 fxe4 32. fxe4 Qe6 33. Red1
Rd7 34. Qc3+ Kg8 35. e5 Re8 36. exd6 Qe2 37. Qxc5 Qxa2 38. Re5 Rf8 39. Re7 Rxe7
40. dxe7 Re8 41. Rf1 Qxb3 42. Rf8+ Kg7 43. Qd4+ Kh6 44. Qh4+ Kg7 45. Qf6+ Kh6
46. Rxe8 1-0

[Event "Chigorin Memorial"]
[Site "St Petersburg"]
[Date "2015.10.05"]
[Round "3.63"]
[White "Yashmetov, Mikhail"]
[Black "Golubov, Saveliy"]
[Result "0-1"]
[WhiteElo "2123"]
[BlackElo "2453"]
[PlyCount "104"]
[EventDate "2015.10.03"]
[EventRounds "9"]
[EventCountry "RUS"]

1. d4 Nf6 2. c4 e6 3. g3 d5 4. Bg2 Be7 5. Nf3 O-O 6. O-O dxc4 7. Qc2 a6 8. Qxc4
b5 9. Qc2 Bb7 10. Bd2 Be4 11. Qc1 Bb7 12. Qc2 Ra7 13. Rd1 Nc6 14. e3 Qa8 15.
Ne1 Bd6 16. Nc3 Rc8 17. Rac1 Nb4 18. Bxb7 Qxb7 19. Qb1 Nbd5 20. Nxd5 Qxd5 21.
f3 Raa8 22. Bc3 Qb7 23. e4 Nd7 24. b3 a5 25. Kg2 a4 26. Nd3 Qa6 27. b4 Nb6 28.
Nc5 Qa7 29. Be1 Rd8 30. Bf2 Qb8 31. f4 Nc4 32. Qc2 Bxc5 33. dxc5 Qb7 34. Kg1 h5
35. Qe2 Qc6 36. h4 a3 37. Kh2 Nb2 38. Rd4 Rd7 39. Rxd7 Qxd7 40. Rc2 Rd8 41.
Qxh5 Qd3 42. Qe2 Qxe2 43. Rxe2 Rd1 44. Be1 Rc1 45. Bf2 Nd3 46. Kg2 Nxb4 47. Re3
Nc2 48. Rd3 b4 49. c6 Ne1+ 50. Bxe1 Rxe1 51. Kf3 Rb1 52. Ke3 b3 0-1

[Event "Chigorin Memorial"]
[Site "St Petersburg"]
[Date "2015.10.05"]
[Round "3.64"]
[White "Franco Alonso, Alejandro"]
[Black "Yakimenko, Anastasia"]
[Result "1-0"]
[WhiteElo "2450"]
[BlackElo "2115"]
[PlyCount "85"]
[EventDate "2015.10.03"]
[EventRounds "9"]
[EventCountry "RUS"]

1. Nf3 Nf6 2. c4 g6 3. Nc3 Bg7 4. e4 d6 5. d4 Nbd7 6. Be2 O-O 7. Be3 e5 8. d5
Qe7 9. Nd2 Ne8 10. O-O f5 11. exf5 gxf5 12. f4 Ndf6 13. Nb3 Ng4 14. Bxg4 fxg4
15. Qd2 exf4 16. Bxf4 Nf6 17. Rae1 Qf7 18. Nd4 Bd7 19. Ne6 Bxe6 20. dxe6 Qe7
21. Bg5 c6 22. Rf5 Rae8 23. Qf4 Qd8 24. Kh1 d5 25. cxd5 cxd5 26. Nxd5 Nxd5 27.
Rxf8+ Rxf8 28. Qf7+ Rxf7 29. exf7+ Kxf7 30. Bxd8 b6 31. b3 h5 32. Bg5 Bc3 33.
Re2 Kg6 34. Bd2 Bf6 35. Kg1 h4 36. h3 g3 37. Kf1 Kf5 38. Re8 a5 39. Ke2 Bc3 40.
Rd8 Ke4 41. Rxd5 Kxd5 42. Bxc3 Ke6 43. a4 1-0

[Event "Chigorin Memorial"]
[Site "St Petersburg"]
[Date "2015.10.05"]
[Round "3.65"]
[White "Savinov, Leonid"]
[Black "Atabayev, Yusup"]
[Result "0-1"]
[WhiteElo "2110"]
[BlackElo "2428"]
[PlyCount "78"]
[EventDate "2015.10.03"]
[EventRounds "9"]
[EventCountry "RUS"]

1. e4 c5 2. Nf3 Nc6 3. d4 cxd4 4. Nxd4 g6 5. c4 Bg7 6. Nc2 d6 7. Be2 Nf6 8. Nc3
O-O 9. O-O Be6 10. Bg5 Rc8 11. Qd2 a6 12. Rac1 Qa5 13. Rfd1 Nd7 14. Nd5 Qxd2
15. Rxd2 f6 16. Be3 f5 17. exf5 gxf5 18. f4 Nc5 19. Nd4 Bxd5 20. cxd5 Nxd4 21.
Bxd4 Ne4 22. Rxc8 Rxc8 23. Rd1 Bxd4+ 24. Rxd4 Rc1+ 25. Bf1 Rb1 26. g4 Rxb2 27.
gxf5 Nc5 28. f6 exf6 29. Bh3 Rxa2 30. Be6+ Kg7 31. f5 Ra4 32. Rd2 Ra1+ 33. Kg2
b5 34. Kf3 Ra3+ 35. Kf4 Ra4+ 36. Kf3 Kh6 37. Rg2 b4 38. Ke3 b3 39. Rg1 Rc4 0-1

[Event "Chigorin Memorial"]
[Site "St Petersburg"]
[Date "2015.10.05"]
[Round "3.67"]
[White "Chashchev, Sergey"]
[Black "Veselov, Andrey"]
[Result "0-1"]
[WhiteElo "2377"]
[BlackElo "2105"]
[PlyCount "74"]
[EventDate "2015.10.03"]
[EventRounds "9"]
[EventCountry "RUS"]

1. Nf3 Nf6 2. g3 d5 3. Bg2 e6 4. O-O Be7 5. d4 O-O 6. b3 c6 7. Bb2 b6 8. Nbd2
Bb7 9. c4 Nbd7 10. Qc2 Rc8 11. e4 c5 12. exd5 exd5 13. dxc5 Bxc5 14. Rad1 dxc4
15. Nxc4 Qc7 16. Qb1 Rfe8 17. Bd4 Ne4 18. Qa1 Ndf6 19. Qb2 Rcd8 20. Rfe1 Ng4
21. Re2 Nexf2 22. Rxf2 Nxf2 23. Qxf2 Bxf3 24. Bxf3 Rxd4 25. Rxd4 b5 26. Na3
Bxd4 27. Qxd4 Qc1+ 28. Kg2 Qxa3 29. Qd7 Qxa2+ 30. Kh3 Rf8 31. Qxb5 Qf2 32. Bd5
Qf5+ 33. g4 Qc8 34. Qd3 h5 35. Bf3 Rd8 36. Qe3 hxg4+ 37. Bxg4 f5 0-1

[Event "Chigorin Memorial"]
[Site "St Petersburg"]
[Date "2015.10.05"]
[Round "3.68"]
[White "Lagashin, Pavel"]
[Black "Palachev, Petr"]
[Result "1/2-1/2"]
[WhiteElo "2107"]
[BlackElo "2373"]
[PlyCount "119"]
[EventDate "2015.10.03"]
[EventRounds "9"]
[EventCountry "RUS"]

1. c4 e6 2. Nc3 d5 3. d4 Bb4 4. Qa4+ Nc6 5. Nf3 Nf6 6. Bg5 h6 7. Bxf6 Qxf6 8.
e3 Bd7 9. Qb3 dxc4 10. Bxc4 O-O 11. O-O Qe7 12. a3 Bd6 13. Qc2 a6 14. Rad1 b5
15. Ba2 b4 16. Ne4 bxa3 17. bxa3 Bxa3 18. Ne5 Nxe5 19. dxe5 Bb5 20. Bb1 f5 21.
exf6 gxf6 22. Rfe1 Bb4 23. Nc3 Rad8 24. Nxb5 axb5 25. Rxd8 Rxd8 26. Rc1 c5 27.
Qg6+ Qg7 28. Qe4 Qf7 29. Qg4+ Kh8 30. Be4 Ba3 31. Rd1 Rxd1+ 32. Qxd1 b4 33. Qd6
c4 34. Qb8+ Kg7 35. Qg3+ Kh8 36. Qb8+ Qg8 37. Qf4 Qf8 38. Qc7 f5 39. Bb1 Qg7
40. Qxc4 Qa1 41. Qd3 Qc3 42. Qxc3+ bxc3 43. Kf1 Kg7 44. Ke2 Kf6 45. Kd3 Bb2 46.
g3 e5 47. Kc4 Kg5 48. f4+ exf4 49. gxf4+ Kg4 50. Kd5 Bc1 51. Ke5 Bxe3 52. Bxf5+
Kf3 53. Be4+ Kg4 54. f5 Bf4+ 55. Kd4 Bxh2 56. f6 Bd6 57. f7 Kf4 58. Bg6 Be5+
59. Kd3 Bg7 60. f8=Q+ 1/2-1/2

[Event "Chigorin Memorial"]
[Site "St Petersburg"]
[Date "2015.10.05"]
[Round "3.69"]
[White "Lokander, Martin"]
[Black "Grinblat, Artemiy"]
[Result "1-0"]
[WhiteElo "2369"]
[BlackElo "2099"]
[PlyCount "61"]
[EventDate "2015.10.03"]
[EventRounds "9"]
[EventCountry "RUS"]

1. e4 e6 2. d4 d5 3. Nd2 Nf6 4. e5 Nfd7 5. Bd3 c5 6. c3 Nc6 7. Ne2 cxd4 8. cxd4
f6 9. exf6 Qxf6 10. Nf3 h6 11. O-O Bd6 12. Ng3 O-O 13. Bc2 Rf7 14. Re1 Nf8 15.
Nh5 Qd8 16. Ne5 Nxe5 17. dxe5 Bc5 18. Be3 d4 19. Bf4 Bd7 20. Qg4 Kh8 21. Bd3
Bc6 22. Bd2 Qb6 23. b4 Bxb4 24. Reb1 Bxd2 25. Rxb6 axb6 26. Rd1 Rxa2 27. Bc4
Rc2 28. Bxe6 Nxe6 29. Qxe6 Rd7 30. Qe8+ Kh7 31. e6 1-0

[Event "Chigorin Memorial"]
[Site "St Petersburg"]
[Date "2015.10.05"]
[Round "3.70"]
[White "Protopopova, Anastasiya"]
[Black "Martynov, Pavel"]
[Result "0-1"]
[WhiteElo "2102"]
[BlackElo "2369"]
[PlyCount "78"]
[EventDate "2015.10.03"]
[EventRounds "9"]
[EventCountry "RUS"]

1. Nf3 Nf6 2. c4 g6 3. d4 Bg7 4. Nc3 O-O 5. e4 d6 6. Be2 e5 7. O-O exd4 8. Nxd4
Re8 9. f3 c6 10. Be3 d5 11. cxd5 Nxd5 12. Nxd5 cxd5 13. Qb3 Nc6 14. Rad1 Nxd4
15. Bxd4 Bxd4+ 16. Rxd4 Qf6 17. Rd2 Qf4 18. Rdd1 Be6 19. exd5 Bxd5 20. Qc2 Bxa2
21. Rf2 Rac8 22. Qd2 Qxd2 23. Rxd2 Red8 24. Bf1 Rxd2 25. Rxd2 Be6 26. Kf2 Kf8
27. Be2 Ke7 28. f4 a5 29. Bf3 b5 30. Re2 Rc4 31. Kg3 Kd6 32. Bg4 Bxg4 33. Kxg4
h5+ 34. Kf3 a4 35. Rd2+ Kc5 36. Rd7 Kb4 37. Rxf7 Kb3 38. Rf6 Kxb2 39. Rxg6 a3
0-1

[Event "Chigorin Memorial"]
[Site "St Petersburg"]
[Date "2015.10.05"]
[Round "3.71"]
[White "Atabayev, Saparmyrat"]
[Black "Rivonenko, Vladislav"]
[Result "1-0"]
[WhiteElo "2368"]
[BlackElo "2090"]
[PlyCount "97"]
[EventDate "2015.10.03"]
[EventRounds "9"]
[EventCountry "RUS"]

1. e4 e6 2. d4 d5 3. Nd2 Nf6 4. e5 Nfd7 5. Bd3 c5 6. c3 Nc6 7. Ne2 cxd4 8. cxd4
f6 9. exf6 Qxf6 10. Nf3 h6 11. O-O Bd6 12. Ng3 O-O 13. Bc2 Rf7 14. Nh5 Qd8 15.
Bg6 Re7 16. Nh4 Nf8 17. Qg4 e5 18. Nf5 Bxf5 19. Bxf5 Nxd4 20. Nf6+ Kh8 21. Nxd5
Nxf5 22. Qxf5 Re6 23. Qe4 Qe8 24. Be3 Nd7 25. Rac1 Rc8 26. Rxc8 Qxc8 27. Rc1
Qd8 28. Nf4 Rf6 29. Nh5 Rf8 30. Qxb7 Qe8 31. Qc6 Qxh5 32. Qxd6 Qf5 33. Bxa7 Rf6
34. Qd5 Nf8 35. Be3 Ng6 36. f3 Rf8 37. Qe4 Qf7 38. a4 Qb3 39. a5 Nf4 40. Bxf4
exf4 41. Qc2 Qe3+ 42. Kh1 Rd8 43. b4 Rb8 44. h3 Qd4 45. Qc4 Qd2 46. a6 Kh7 47.
a7 Rxb4 48. Qxb4 Qxc1+ 49. Kh2 1-0

[Event "Chigorin Memorial"]
[Site "St Petersburg"]
[Date "2015.10.05"]
[Round "3.72"]
[White "Zakaryan, David"]
[Black "Kopylov, Yuriy"]
[Result "1-0"]
[WhiteElo "2335"]
[BlackElo "2088"]
[PlyCount "133"]
[EventDate "2015.10.03"]
[EventRounds "9"]
[EventCountry "RUS"]

1. d4 Nf6 2. g3 d5 3. Bg2 e6 4. Nf3 c5 5. O-O Nc6 6. b3 Be7 7. Bb2 O-O 8. Nc3
b6 9. dxc5 bxc5 10. Re1 Rb8 11. e4 d4 12. Na4 e5 13. c4 Qc7 14. Ba3 Nb4 15.
Bxb4 Rxb4 16. Nb2 Bd6 17. Nd3 Rb8 18. Nh4 Re8 19. Qd2 Bd7 20. f4 Ng4 21. Bf3
Ne3 22. Ng2 Nxg2 23. Kxg2 f6 24. f5 a5 25. g4 Be7 26. h4 h6 27. Kh3 Ra8 28. a4
Rab8 29. Bd1 Rf8 30. Kg3 Rb7 31. Bc2 Rfb8 32. Rf1 Bc6 33. Nc1 Rd8 34. Rf3 Rd6
35. Bd3 Rb8 36. Ra2 Bd8 37. Qe1 Qb6 38. Rd2 Qb4 39. Bc2 Qb7 40. Nd3 Bb6 41. Re2
Qe7 42. Kh3 Bd7 43. Rg2 Kf7 44. Kh2 Rh8 45. Qg3 Rc6 46. Kg1 Ke8 47. g5 hxg5 48.
hxg5 Kd8 49. Rh2 Rxh2 50. Qxh2 Bc7 51. Qh8+ Be8 52. g6 Bd6 53. Rh3 Qf8 54. Kf1
Qxh8 55. Rxh8 Rc7 56. Ke2 Re7 57. Nf2 Kc7 58. Rg8 Bd7 59. Kf3 Bc6 60. Nh1 d3
61. Bxd3 Rd7 62. Ke3 Re7 63. Ng3 Bd7 64. Nh5 Re8 65. Rxg7 Rf8 66. Rh7 Kd8 67.
g7 1-0

[Event "Chigorin Memorial"]
[Site "St Petersburg"]
[Date "2015.10.05"]
[Round "3.73"]
[White "Kurilo, Vladislav"]
[Black "Rybaizen, Boris"]
[Result "1-0"]
[WhiteElo "2088"]
[BlackElo "2324"]
[PlyCount "79"]
[EventDate "2015.10.03"]
[EventRounds "9"]
[EventCountry "RUS"]

1. e4 c6 2. d4 d5 3. e5 Bf5 4. h4 h5 5. Bd3 Bxd3 6. Qxd3 e6 7. Nf3 Ne7 8. Bg5
Qb6 9. O-O Nf5 10. Nbd2 Nd7 11. c4 dxc4 12. Nxc4 Qc7 13. Ne3 g6 14. Rac1 Nb6
15. Bf6 Rg8 16. d5 Nxd5 17. Nxd5 exd5 18. Qxd5 Be7 19. Rfd1 Rd8 20. Qc4 Rd7 21.
Rxd7 Qxd7 22. Ng5 Rf8 23. Nh7 Qd4 24. Nxf8 Bxf6 25. exf6 Qxc4 26. Rxc4 Kxf8 27.
Re4 b6 28. f3 c5 29. Kf2 a5 30. g4 hxg4 31. fxg4 Nd4 32. Rxd4 cxd4 33. Ke2 Ke8
34. h5 gxh5 35. gxh5 Kf8 36. Kd3 Kg8 37. Kxd4 Kh7 38. Ke5 Kh6 39. Kd6 Kxh5 40.
Ke7 1-0

[Event "Chigorin Memorial"]
[Site "St Petersburg"]
[Date "2015.10.05"]
[Round "3.74"]
[White "Aseev, Vladimir"]
[Black "Esenov, Annaberdi"]
[Result "0-1"]
[WhiteElo "2087"]
[BlackElo "2323"]
[PlyCount "94"]
[EventDate "2015.10.03"]
[EventRounds "9"]
[EventCountry "RUS"]

1. d4 Nf6 2. c4 g6 3. Nc3 Bg7 4. e4 d6 5. Nf3 O-O 6. Be2 e5 7. O-O Nc6 8. d5
Ne7 9. Nd2 Nd7 10. b4 f5 11. c5 Nf6 12. Bf3 f4 13. Nc4 g5 14. h3 Ng6 15. cxd6
cxd6 16. Nb5 a6 17. Nba3 Nh4 18. Kh2 Nxf3+ 19. gxf3 b5 20. Nd2 Qd7 21. Rh1
Qxh3+ 22. Kg1 Qd7 23. Nc2 Rf7 24. a4 bxa4 25. Ne1 Qb5 26. Rxa4 g4 27. Ba3 gxf3
28. Ra5 Qb6 29. Nexf3 Bf8 30. Nc4 Rg7+ 31. Kf1 Qc7 32. Qd3 Bd7 33. Ke2 Bb5 34.
Rc1 Qa7 35. Nfd2 Ng4 36. Qf3 Rc8 37. Rxb5 axb5 38. Na5 Rxc1 39. Bxc1 Qd4 40.
Nc6 Qa1 41. Nb3 Qb1 42. Nca5 Qc2+ 43. Bd2 Nh2 44. Qh1 f3+ 45. Ke1 Qxe4+ 46. Be3
Rg2 47. Nd2 Qg6 0-1

[Event "Chigorin Memorial"]
[Site "St Petersburg"]
[Date "2015.10.05"]
[Round "3.75"]
[White "Timerkhanov, Alexander"]
[Black "Soldatov, Arnold"]
[Result "1-0"]
[WhiteElo "2321"]
[BlackElo "2085"]
[PlyCount "119"]
[EventDate "2015.10.03"]
[EventRounds "9"]
[EventCountry "RUS"]

1. d4 Nf6 2. Bg5 g6 3. Bxf6 exf6 4. e3 f5 5. g3 Bg7 6. Bg2 O-O 7. Ne2 d6 8. O-O
h5 9. h4 Nd7 10. c4 Nf6 11. Nbc3 Re8 12. Qd3 c6 13. b4 Qe7 14. Nf4 Ng4 15. b5
Bd7 16. Bf3 Bh6 17. Rab1 Bxf4 18. exf4 Rab8 19. Rb2 cxb5 20. Nd5 Qd8 21. cxb5
Be6 22. b6 Bxd5 23. bxa7 Ra8 24. Bxd5 Rxa7 25. Bxb7 Qa5 26. Bg2 Re1 27. Qd2
Rxf1+ 28. Bxf1 Qxd2 29. Rxd2 Nf6 30. f3 Ra3 31. Kf2 Nd5 32. Bc4 Nb4 33. Bb3 Kf8
34. Ke2 Ke7 35. Kd1 Ra7 36. Re2+ Kd8 37. Kc1 Nc6 38. Rd2 Re7 39. Kb2 Na5 40.
Bd5 Kc7 41. Rc2+ Kb8 42. Kc3 f6 43. Kd3 Ra7 44. Re2 Ra6 45. Re6 Nc6 46. Bxc6
Rxc6 47. Rxf6 Ra6 48. Rxg6 Rxa2 49. Rxd6 Ra3+ 50. Kc4 Rxf3 51. Rg6 Kc7 52. Kd5
Ra3 53. Ke5 Kd7 54. Rg7+ Ke8 55. Kxf5 Kf8 56. Rg5 Kf7 57. d5 Ke7 58. Kg6 Ra6+
59. Kxh5 Kf7 60. Kg4 1-0

[Event "Chigorin Memorial"]
[Site "St Petersburg"]
[Date "2015.10.05"]
[Round "3.76"]
[White "Ioffe, Ilya"]
[Black "Schekachikhin, Maksim"]
[Result "0-1"]
[WhiteElo "2087"]
[BlackElo "2320"]
[PlyCount "96"]
[EventDate "2015.10.03"]
[EventRounds "9"]
[EventCountry "RUS"]

1. e4 c5 2. c3 Nf6 3. e5 Nd5 4. d4 cxd4 5. cxd4 d6 6. Nf3 Nc6 7. Bc4 Nb6 8. Bb5
d5 9. Nh4 e6 10. Nf3 Bd7 11. Nc3 Be7 12. O-O Rc8 13. Bd3 a6 14. Be3 Nb4 15. Bb1
Nc4 16. Qe2 b5 17. a3 Nc6 18. Bd3 O-O 19. Rad1 Rb8 20. Bc1 f6 21. exf6 Bxf6 22.
Bb1 Qe7 23. Qd3 g6 24. Rfe1 Qg7 25. Ne2 b4 26. Ba2 bxa3 27. bxa3 N6a5 28. Nf4
Rfe8 29. Re2 Rb6 30. Rde1 Qf7 31. h4 Nd6 32. Ne5 Bxe5 33. Rxe5 Nac4 34. R5e2
Nf5 35. g3 Bb5 36. Qc3 Ng7 37. Qf3 Nf5 38. Qc3 Rc6 39. Nd3 Ncd6 40. Qd2 Nxd4
41. Ne5 Nxe2+ 42. Rxe2 Qc7 43. Nxc6 Bxe2 44. Qxe2 Qxc6 45. Bb2 e5 46. Bxe5 Nc4
47. Bxc4 dxc4 48. Qb2 Qb5 0-1

[Event "Chigorin Memorial"]
[Site "St Petersburg"]
[Date "2015.10.05"]
[Round "3.77"]
[White "Gurvich, Vitaly"]
[Black "Kakadzhanov, Timur"]
[Result "1-0"]
[WhiteElo "2315"]
[BlackElo "2082"]
[PlyCount "115"]
[EventDate "2015.10.03"]
[EventRounds "9"]
[EventCountry "RUS"]

1. d4 d5 2. c4 e6 3. Nf3 Nf6 4. Nc3 c6 5. e3 Nbd7 6. Bd3 dxc4 7. Bxc4 b5 8. Bd3
a6 9. a4 Bb7 10. O-O Bd6 11. Qc2 Rc8 12. h3 b4 13. Ne4 Nxe4 14. Bxe4 Nf6 15.
Bd3 c5 16. Qe2 Qb6 17. dxc5 Bxc5 18. e4 h6 19. b3 Rd8 20. Bb2 Nh5 21. Be5 O-O
22. a5 Qa7 23. Bc4 Bc8 24. Rad1 f6 25. Bh2 g6 26. Nh4 Kh7 27. Rxd8 Rxd8 28.
Nxg6 Kxg6 29. Qg4+ Kh7 30. Qxh5 Rg8 31. Qf3 Rg6 32. Kh1 e5 33. Bd5 Bd4 34. Bg3
Qc7 35. Rd1 Qc5 36. Kh2 Kg7 37. Qe2 Kh7 38. Rd2 Rg7 39. Qf3 Kg6 40. Bh4 Qd6 41.
Rd3 Qe7 42. Bc4 Qf8 43. Rd1 Ra7 44. Qe2 Kh7 45. f3 Rg7 46. Bf2 Qe8 47. Bxd4
exd4 48. Qf2 Qe5+ 49. f4 Qxa5 50. Rxd4 Qc5 51. Qd2 Qh5 52. Rd8 Bg4 53. Qf2 a5
54. Rd5 f5 55. exf5 Bxf5 56. Bd3 Rf7 57. Rxf5 Rxf5 58. g4 1-0

[Event "Chigorin Memorial"]
[Site "St Petersburg"]
[Date "2015.10.05"]
[Round "3.78"]
[White "Hojjatova, Aydan"]
[Black "Sorokopudov, Vladimir M"]
[Result "1-0"]
[WhiteElo "2315"]
[BlackElo "2078"]
[PlyCount "71"]
[EventDate "2015.10.03"]
[EventRounds "9"]
[EventCountry "RUS"]

1. b3 Nf6 2. Bb2 c5 3. e3 Nc6 4. f4 d5 5. Nf3 Bg4 6. Be2 e6 7. O-O Qb6 8. Ne5
Bxe2 9. Qxe2 Be7 10. d3 O-O 11. Nd2 Nxe5 12. fxe5 Nd7 13. c4 Rae8 14. Rae1 Bh4
15. g3 Bg5 16. Qg4 Qd8 17. Nf3 Bh6 18. Nh4 Qg5 19. Qxg5 Bxg5 20. Nf3 Bd8 21.
Ba3 Be7 22. Rc1 b6 23. d4 Rc8 24. Rfd1 Rfd8 25. cxd5 exd5 26. dxc5 Bxc5 27.
Bxc5 Rxc5 28. b4 Rxc1 29. Rxc1 Nf8 30. Rc7 Rd7 31. Rc8 h6 32. Nd4 Re7 33. Nc6
Re6 34. b5 f6 35. exf6 Rxe3 36. Ne7+ 1-0

[Event "Chigorin Memorial"]
[Site "St Petersburg"]
[Date "2015.10.05"]
[Round "3.79"]
[White "Palchun, Grigory"]
[Black "Sergeyev, Dmitriy"]
[Result "1-0"]
[WhiteElo "2315"]
[BlackElo "2077"]
[PlyCount "163"]
[EventDate "2015.10.03"]
[EventRounds "9"]
[EventCountry "RUS"]

1. e4 d6 2. d4 Nf6 3. Nc3 e5 4. Nf3 Nbd7 5. Bc4 Be7 6. O-O O-O 7. a4 c6 8. Ba2
a5 9. Re1 exd4 10. Nxd4 Nc5 11. f3 Qb6 12. Kh1 Qb4 13. Nce2 Ncxe4 14. fxe4 Nxe4
15. Rf1 Bg4 16. c3 Qc5 17. Qd3 d5 18. Ng3 f5 19. Bf4 Kh8 20. h3 Bd6 21. Ne6
Bxf4 22. Nxc5 Nxg3+ 23. Kg1 Be2 24. Rxf4 Bxd3 25. Nxd3 Ne2+ 26. Kf2 Nxf4 27.
Nxf4 Rfe8 28. Bb1 Re7 29. h4 Rae8 30. Bd3 g6 31. Rd1 Kg7 32. Ne2 Kf6 33. Nd4
Re5 34. g3 R5e7 35. b4 axb4 36. cxb4 Ra8 37. Ra1 Ke5 38. Nb3 Kd6 39. a5 Ree8
40. Rc1 Re7 41. Nd4 Ke5 42. Ke3 Kf6+ 43. Kd2 Ke5 44. Kc3 Kd6 45. Kd2 Ke5 46.
Nf3+ Kd6 47. Rc3 Ree8 48. Nd4 Ke5 49. Ke3 Kd6+ 50. Kf4 Rac8 51. h5 Re1 52. Bc2
Rh1 53. hxg6 hxg6 54. Kg5 Rg1 55. Ne2 Rg2 56. Nf4 Rd2 57. Nxg6 d4 58. Rc4 d3
59. Rd4+ Kc7 60. Bxd3 Re8 61. Kxf5 Re3 62. Ne5 Rxg3 63. Rd7+ Kb8 64. Kf6 Rg1
65. Nc4 Rf1+ 66. Ke5 Re1+ 67. Kd4 Rh2 68. Nd6 Rh4+ 69. Kc3 Rh3 70. Rxb7+ Ka8
71. Rd7 Ra1 72. Nc4 Kb8 73. Ne5 Kc8 74. Rd6 Kb7 75. Kb2 Re1 76. a6+ Kb8 77.
Nxc6+ Kc7 78. a7 Rh8 79. Rd8 Rh2+ 80. Kb3 Ra1 81. Na5 Kxd8 82. a8=Q+ 1-0

[Event "Chigorin Memorial"]
[Site "St Petersburg"]
[Date "2015.10.05"]
[Round "3.80"]
[White "Zhurikhin, Alexander"]
[Black "Kuznetsov, Felix"]
[Result "1-0"]
[WhiteElo "2309"]
[BlackElo "2074"]
[PlyCount "109"]
[EventDate "2015.10.03"]
[EventRounds "9"]
[EventCountry "RUS"]

1. Nf3 Nf6 2. c4 b6 3. g3 Bb7 4. Bg2 e6 5. O-O Be7 6. Nc3 O-O 7. Re1 d5 8. cxd5
exd5 9. d4 Na6 10. Bf4 Qc8 11. Rc1 Rd8 12. Ne5 Qe6 13. Qa4 c5 14. Rcd1 Ne4 15.
Nxe4 dxe4 16. d5 Rxd5 17. Bxe4 Rxd1 18. Rxd1 Bxe4 19. Qxe4 Re8 20. Qa4 Bf6 21.
Rd6 Qxd6 22. Qxe8+ Qf8 23. Qd7 Bxe5 24. Bxe5 Qa8 25. a3 h6 26. f3 f6 27. Bf4
Kh8 28. h4 c4 29. g4 Nc5 30. Qf7 Qg8 31. Qxa7 Qe6 32. Kf2 Qc6 33. Qb8+ Kh7 34.
Be3 Na4 35. Bd4 Nc5 36. Qf4 Ne6 37. Qf5+ Kh8 38. Be3 Qd6 39. Kg2 Qc6 40. Qe4
Qxe4 41. fxe4 b5 42. e5 fxe5 43. Kf3 Kg8 44. Ke4 Kf7 45. Kxe5 Ke7 46. Kd5 Kd7
47. h5 Nc7+ 48. Kc5 Ke6 49. Bd4 Ne8 50. Kxb5 Kd5 51. Bc3 Nd6+ 52. Kb6 Ke4 53.
Bxg7 Kf4 54. Bxh6+ Kxg4 55. Bf8 1-0

[Event "Chigorin Memorial"]
[Site "St Petersburg"]
[Date "2015.10.05"]
[Round "3.81"]
[White "Palin, Denis"]
[Black "Gogolev, Artem"]
[Result "1/2-1/2"]
[WhiteElo "2081"]
[BlackElo "2306"]
[PlyCount "117"]
[EventDate "2015.10.03"]
[EventRounds "9"]
[EventCountry "RUS"]

1. c4 g6 2. Nc3 Bg7 3. g3 c5 4. Bg2 Nc6 5. e3 Bxc3 6. dxc3 d6 7. Ne2 h5 8. h4
Nf6 9. e4 Ne5 10. Bf4 Bg4 11. Bxe5 dxe5 12. Qxd8+ Rxd8 13. Rd1 Bxe2 14. Rxd8+
Kxd8 15. Kxe2 Kc7 16. Rd1 a5 17. a4 Ra8 18. f3 Ra6 19. Kd3 Rd6+ 20. Kc2 Ne8 21.
Rd5 Rxd5 22. cxd5 c4 23. g4 Nd6 24. Kd2 hxg4 25. fxg4 Kd7 26. h5 gxh5 27. gxh5
Ke8 28. Ke3 Kf8 29. Kf3 Kg7 30. Kg4 Kh6 31. Bf3 b6 32. Bg2 Nb7 33. Kf5 Kxh5 34.
Kxe5 Kg5 35. Kd4 Nd6 36. e5 Nf5+ 37. Ke4 Ng3+ 38. Kf3 Nh5 39. Bf1 Kf5 40. d6
exd6 41. exd6 Ke6 42. Bxc4+ Kxd6 43. Bxf7 Nf6 44. Ke3 Kc5 45. Kd3 Nd7 46. Kc2
Ne5 47. Be8 Nc4 48. b3 Ne3+ 49. Kb2 Kd5 50. b4 axb4 51. cxb4 Kc4 52. a5 bxa5
53. bxa5 Kb4 54. a6 Nd5 55. a7 Nc7 56. Bc6 Kc5 57. Bg2 Kb6 58. a8=Q Nxa8 59.
Bxa8 1/2-1/2

[Event "Chigorin Memorial"]
[Site "St Petersburg"]
[Date "2015.10.05"]
[Round "3.82"]
[White "Nasibullin, Iskander"]
[Black "Chekletsov, Ilya"]
[Result "1-0"]
[WhiteElo "2075"]
[BlackElo "2299"]
[PlyCount "77"]
[EventDate "2015.10.03"]
[EventRounds "9"]
[EventCountry "RUS"]

1. e4 e5 2. Nf3 Nf6 3. Nxe5 Qe7 4. Nf3 Nxe4 5. Be2 d5 6. O-O Qd8 7. c4 dxc4 8.
Bxc4 Nd6 9. Bb3 Be7 10. Nc3 O-O 11. d4 Bg4 12. h3 Bf5 13. Bf4 Nc6 14. Re1 Re8
15. Ne5 Bf6 16. Re3 Bg6 17. Nxc6 bxc6 18. Qd2 Qd7 19. Rd1 Ne4 20. Qe1 Nd6 21.
Be5 Nf5 22. Re2 Bxe5 23. dxe5 Nd4 24. Re3 Rad8 25. Ne2 Nxe2+ 26. Qxe2 Qe7 27.
e6 Rxd1+ 28. Qxd1 Qf8 29. exf7+ Bxf7 30. Rf3 Re7 31. Rxf7 Rxf7 32. Qd7 g6 33.
Qxc7 Kg7 34. Qxf7+ Qxf7 35. Bxf7 Kxf7 36. Kf1 Ke6 37. Ke2 Ke5 38. Ke3 h5 39.
f4+ 1-0

[Event "Chigorin Memorial"]
[Site "St Petersburg"]
[Date "2015.10.05"]
[Round "3.83"]
[White "Beznosikov, Vladimir"]
[Black "Kharlamov, Igor"]
[Result "1/2-1/2"]
[WhiteElo "2298"]
[BlackElo "2065"]
[PlyCount "91"]
[EventDate "2015.10.03"]
[EventRounds "9"]
[EventCountry "RUS"]

1. e4 e5 2. Nf3 Nc6 3. Nc3 Nf6 4. Bb5 d6 5. d4 exd4 6. Nxd4 Bd7 7. O-O Be7 8.
h3 O-O 9. Bf4 a6 10. Nxc6 bxc6 11. Bd3 Qb8 12. Rb1 Qb4 13. Qf3 Qa5 14. Rfe1 Qh5
15. g4 Qh4 16. e5 Nd5 17. Nxd5 cxd5 18. exd6 Bxd6 19. Bxd6 cxd6 20. Kg2 f5 21.
gxf5 Rac8 22. Re2 d4 23. Kh2 Qf6 24. Rd1 Rc5 25. b4 Re5 26. Rxe5 Qxe5+ 27. Qg3
Bxf5 28. Qxe5 dxe5 29. Kg3 Bxd3 30. Rxd3 Rc8 31. Ra3 Rxc2 32. Rxa6 Rb2 33. a3
Rb3+ 34. Kg2 d3 35. Kf3 Rb2 36. Ke3 Rb3 37. h4 Kf7 38. Rd6 d2+ 39. Kxd2 Rxa3
40. b5 Ke7 41. Rc6 Rb3 42. b6 Kd7 43. Rc7+ Kd6 44. Rxg7 Rxb6 45. Rxh7 Kd5 46.
h5 1/2-1/2

[Event "Chigorin Memorial"]
[Site "St Petersburg"]
[Date "2015.10.05"]
[Round "3.84"]
[White "Sazonova, Anastasia"]
[Black "Tarasov, Alexandr"]
[Result "1-0"]
[WhiteElo "2065"]
[BlackElo "2297"]
[PlyCount "81"]
[EventDate "2015.10.03"]
[EventRounds "9"]
[EventCountry "RUS"]

1. d4 Nf6 2. c4 e6 3. Nf3 Bb4+ 4. Nbd2 O-O 5. a3 Bxd2+ 6. Qxd2 b6 7. e3 Bb7 8.
b4 d6 9. Be2 Nbd7 10. O-O Ne4 11. Qc2 f5 12. d5 Rf6 13. Nd4 Nf8 14. f3 Ng5 15.
dxe6 f4 16. Nf5 Ngxe6 17. e4 Rf7 18. Bb2 Qg5 19. h4 Qd8 20. Rad1 Nd7 21. c5
dxc5 22. bxc5 Rxf5 23. exf5 Nexc5 24. Bc4+ Kh8 25. f6 gxf6 26. Qf5 Qe7 27. Rfe1
Qg7 28. Qxf4 Rf8 29. Rd2 a6 30. Kh1 b5 31. Ba2 a5 32. Qxc7 b4 33. axb4 axb4 34.
Bc4 Qh6 35. Rd4 Rc8 36. Qg3 Bc6 37. Re7 Na4 38. Ba1 Nab6 39. Bb3 Nc5 40. Rc7
Re8 41. Bf7 1-0

[Event "Chigorin Memorial"]
[Site "St Petersburg"]
[Date "2015.10.05"]
[Round "3.85"]
[White "Mishuchkov, Nikolai M"]
[Black "Egorov, Daniil"]
[Result "1-0"]
[WhiteElo "2295"]
[BlackElo "2064"]
[PlyCount "57"]
[EventDate "2015.10.03"]
[EventRounds "9"]
[EventCountry "RUS"]

1. d4 Nf6 2. Nf3 g6 3. g3 Bg7 4. Bg2 O-O 5. O-O c6 6. c4 d6 7. Nc3 Bf5 8. Bg5
Ne4 9. Nxe4 Bxe4 10. Qd2 Nd7 11. Rfd1 Nf6 12. Bh6 b5 13. Bxg7 Kxg7 14. c5 Bxf3
15. Bxf3 d5 16. a4 a6 17. b4 Ne8 18. Ra3 Nc7 19. Rda1 Qd7 20. Qf4 Rfd8 21. h4
h5 22. Kh2 f5 23. axb5 axb5 24. Ra7 Rxa7 25. Rxa7 Rc8 26. e3 Qd8 27. Bxh5 gxh5
28. Qxf5 Ne8 29. Rd7 1-0